Acteurs ayant rassemblé le plus de spectateurs en France - Statistiques

Statistiques générales
  • Ce quiz a été pris 77 fois
  • Le résultat moyen est 10 sur 25
Statistiques - réponses
Nb total d'entrées Période d'activité Acteur/Actrice % Correct
315 824 017 1947 à 1982 Louis de Funès
97%
136 659 364 1957 à 2019 Alain Delon
80%
205 077 672 1945 à 1970 Bourvil
80%
226 636 837 depuis 1972 Gérard Depardieu
77%
144 705 214 depuis 1973 Christian Clavier
72%
159 628 830 1957 à 2009 Jean-Paul Belmondo
61%
100 612 732 depuis 1979 Jean Reno
57%
117 046 847 depuis 1973 Thierry Lhermitte
56%
173 893 363 1930 à 1976 Jean Gabin
51%
201 940 623 1931 à 1970 Fernandel
48%
113 808 919 depuis 1973 Gérard Jugnot
48%
98 902 040 depuis 1957 Catherine Deneuve
34%
221 674 542 1954 à 2017 Michel Galabru
34%
96 049 916 1944 à 1992 Yves Montand
33%
97 699 955 1952 à 1973 Brigitte Bardot
31%
97 030 228 1956 à 2015 Jean Rochefort
30%
91 938 137 depuis 1975 Daniel Auteuil
26%
86 258 033 depuis 1973 Josiane Balasko
26%
130 506 159 1934 à 1996 Jean Marais
20%
116 508 577 1949 à 2007 Philippe Noiret
20%
145 907 088 1954 à 2007 Michel Serrault
18%
108 891 799 1956 à 2018 Claude Brasseur
8%
111 665 820 1943 à 2012 Michel Piccoli
8%
85 514 450 depuis 1970 André Dussolier
7%
102 790 960 1950 à 2006 Annie Girardot
7%
Aucun quiz correspondant
Distribution des résultats
% des personnes avec chaque résultat
Percentile par nombre de réponses
Votre historique - résultats
Vous n’avez pas pris ce quiz